<?xml version="1.0" encoding="UTF-8"?>
<record
    xmlns:xsi="http://www.w3.org/2001/XMLSchema-instance"
    xsi:schemaLocation="http://www.loc.gov/MARC21/slim http://www.loc.gov/standards/marcxml/schema/MARC21slim.xsd"
    xmlns="http://www.loc.gov/MARC21/slim">

  <leader>03557nam a22003377a 4500</leader>
  <controlfield tag="003">OSt</controlfield>
  <controlfield tag="005">20240326034740.0</controlfield>
  <controlfield tag="008">240323b           ||||| |||| 00| 0 eng d</controlfield>
  <datafield tag="040" ind1=" " ind2=" ">
    <subfield code="b">English.</subfield>
    <subfield code="c">CvSU-CCAT Campus Library.</subfield>
    <subfield code="e">rda.</subfield>
  </datafield>
  <datafield tag="050" ind1=" " ind2=" ">
    <subfield code="a">UM HF 5415</subfield>
    <subfield code="b">Ad33 2022</subfield>
  </datafield>
  <datafield tag="100" ind1=" " ind2=" ">
    <subfield code="a">Adal, Renzy Lawrence, author.</subfield>
    <subfield code="9">9907</subfield>
  </datafield>
  <datafield tag="245" ind1=" " ind2=" ">
    <subfield code="a">The effect of Tiktok application in purchasing behavior of Millennials Towards Beauty products in Rosario, Cavite /</subfield>
    <subfield code="c">Renzy Lawrence Adal, Melissa Mae N. Aquino, and Nicole C. Santos.</subfield>
  </datafield>
  <datafield tag="260" ind1=" " ind2=" ">
    <subfield code="a">Rosario, Cavite :</subfield>
    <subfield code="b">Cavite State University-CCAT Campus,</subfield>
    <subfield code="c">2022.</subfield>
  </datafield>
  <datafield tag="300" ind1=" " ind2=" ">
    <subfield code="a">ix, 73 leaves :</subfield>
    <subfield code="b">illustrations ;</subfield>
    <subfield code="c">28 cm</subfield>
  </datafield>
  <datafield tag="500" ind1=" " ind2=" ">
    <subfield code="a">Undergraduate Thesis (BSBM)--Cavite State University-CCAT Campus, 2022.</subfield>
  </datafield>
  <datafield tag="504" ind1=" " ind2=" ">
    <subfield code="a">Includes bibliographical references and appendices.</subfield>
  </datafield>
  <datafield tag="520" ind1=" " ind2=" ">
    <subfield code="a">RENZY LAWRENCE G. ADAL, MELISSA MAE N. AQUINO, NICOLE C. SANTOS. The Effect of Tiktok Application in Purchasing Behavior of Millennials Towards Beauty products in Rosario, Cavite. Thesis. Bachelor of Science in Business Management Major in Marketing Management, Cavite State University &#x2013; Cavite College of Arts and Trades Campus, Rosario, Cavite. January 2022. Adviser:  Mr. Arman M. Ambas. Technical Critic: Mr. John Leo-vy P. Villa.

In modern days, millennials were reached through different social media resulting in significant promotion through social media platforms such as TikTok, which was an application that allows you to make short, creative videos. Therefore, it was crucial to know the effect of the TikTok application on millennials' purchasing behavior. This study aimed to know the effect of TikTok on purchasing behavior of millennials towards beauty product products in the selected areas of Rosario, Cavite. This research utilized descriptive statistics; random sampling was used by online survey questionnaire to the selected respondents. Demographic information was collected from the respondent in the findings. The results of Tiktok application influence reveals that TikTok application influence most millennials in purchasing beauty products with the motives of developing their makeup skills; For attitude, Tiktok application let the viewers see themselves as a better person; In perception, Tiktok application influence viewers to purchase beauty products to boost their self- confidence; In lifestyle, Tiktok application influence the viewers who have their lifestyle viewed as a fashion to purchase beauty products. The result of the effectiveness of the Tiktok application in promoting beauty products to the millennials show that the packaging that they saw in TikTok influences their buying behavior. It was concluded that the appearance of promotion on TikTok greatly affected the purchasing behavior of millennials. The researchers recommend utilizing Tik Tok to purchase a beauty product by exploring the legitimacy of the beauty product by looking for different reviews and feedback from the users.
</subfield>
  </datafield>
  <datafield tag="546" ind1=" " ind2=" ">
    <subfield code="a">In English text.</subfield>
  </datafield>
  <datafield tag="650" ind1=" " ind2=" ">
    <subfield code="a">Tiktok (Electronic Resource).</subfield>
    <subfield code="9">9908</subfield>
  </datafield>
  <datafield tag="650" ind1=" " ind2=" ">
    <subfield code="a">Purchasing behavior.</subfield>
    <subfield code="9">9878</subfield>
  </datafield>
  <datafield tag="650" ind1=" " ind2=" ">
    <subfield code="a">Marketing -- Social media.</subfield>
    <subfield code="9">9909</subfield>
  </datafield>
  <datafield tag="650" ind1=" " ind2=" ">
    <subfield code="a">Millennials.</subfield>
    <subfield code="9">9875</subfield>
  </datafield>
  <datafield tag="650" ind1=" " ind2=" ">
    <subfield code="a">Beauty Products.</subfield>
    <subfield code="9">9910</subfield>
  </datafield>
  <datafield tag="650" ind1=" " ind2=" ">
    <subfield code="a">Social Media.</subfield>
    <subfield code="9">3217</subfield>
  </datafield>
  <datafield tag="700" ind1=" " ind2=" ">
    <subfield code="a">Aquino, Melissa Mae, author.</subfield>
    <subfield code="9">9911</subfield>
  </datafield>
  <datafield tag="700" ind1=" " ind2=" ">
    <subfield code="a">Santos, Nicole C., author.</subfield>
    <subfield code="9">9912</subfield>
  </datafield>
  <datafield tag="700" ind1=" " ind2=" ">
    <subfield code="a">Ambas, Arman, adviser.</subfield>
    <subfield code="9">9380</subfield>
  </datafield>
  <datafield tag="700" ind1=" " ind2=" ">
    <subfield code="a">Villa. John Leo-vy P., technical critic.</subfield>
    <subfield code="9">9055</subfield>
  </datafield>
  <datafield tag="942" ind1=" " ind2=" ">
    <subfield code="2">lcc</subfield>
    <subfield code="c">T/M/D</subfield>
    <subfield code="h">HF 5415 Ad33 2022</subfield>
    <subfield code="k">UM</subfield>
  </datafield>
  <datafield tag="999" ind1=" " ind2=" ">
    <subfield code="c">2883</subfield>
    <subfield code="d">2883</subfield>
  </datafield>
  <datafield tag="952" ind1=" " ind2=" ">
    <subfield code="0">0</subfield>
    <subfield code="1">0</subfield>
    <subfield code="2">lcc</subfield>
    <subfield code="4">0</subfield>
    <subfield code="7">0</subfield>
    <subfield code="8">UM</subfield>
    <subfield code="a">CLRC</subfield>
    <subfield code="b">CLRC</subfield>
    <subfield code="c">TH</subfield>
    <subfield code="d">2024-02-29</subfield>
    <subfield code="f">UM</subfield>
    <subfield code="o">UM HF 5415 Ad33 2022</subfield>
    <subfield code="p">T0005363</subfield>
    <subfield code="r">2025-10-24 00:00:00</subfield>
    <subfield code="t">1</subfield>
    <subfield code="w">2024-03-23</subfield>
    <subfield code="y">T/M/D</subfield>
  </datafield>
</record>
